Quickbooks 2004 for dummies / (Record no. 23293)

MARC details
000 -LEADER
fixed length control field 01348cam a22003494a 4500
001 - CONTROL NUMBER
control field 13388425
003 - CONTROL NUMBER IDENTIFIER
control field OSt
005 - DATE AND TIME OF LATEST TRANSACTION
control field 20211222085553.0
008 - FIXED-LENGTH DATA ELEMENTS--GENERAL INFORMATION
fixed length control field 031029s2004 njua 001 0 eng
010 ## - LIBRARY OF CONGRESS CONTROL NUMBER
LC control number 2003114794
020 ## - INTERNATIONAL STANDARD BOOK NUMBER
International Standard Book Number 0764555251 (pbk.)
035 ## - SYSTEM CONTROL NUMBER
System control number (DLC) 2003114794
040 ## - CATALOGING SOURCE
Original cataloging agency DLC
Transcribing agency DLC
Modifying agency DLC
042 ## - AUTHENTICATION CODE
Authentication code pcc
050 00 - LIBRARY OF CONGRESS CALL NUMBER
Classification number 001.6 NEL 2004
Item number .N44994 2004
082 00 - DEWEY DECIMAL CLASSIFICATION NUMBER
Classification number 657/.9042/028555
Edition number 22
100 1# - MAIN ENTRY--PERSONAL NAME
Personal name Nelson, Stephen L.,
Dates associated with a name 1959-
9 (RLIN) 24072
245 10 - TITLE STATEMENT
Title Quickbooks 2004 for dummies /
Statement of responsibility, etc. Stephen L. Nelson.
260 ## - PUBLICATION, DISTRIBUTION, ETC.
Place of publication, distribution, etc. Hoboken, NJ :
Name of publisher, distributor, etc. Wiley Pub.,
Date of publication, distribution, etc. c2004.
300 ## - PHYSICAL DESCRIPTION
Extent xiv, 370 p. :
Other physical details ill. ;
Dimensions 24 cm.
440 #0 - SERIES STATEMENT/ADDED ENTRY--TITLE
Title --For dummies
9 (RLIN) 24062
500 ## - GENERAL NOTE
General note Includes index.
630 00 - SUBJECT ADDED ENTRY--UNIFORM TITLE
Uniform title QuickBooks.
9 (RLIN) 24073
650 #0 - SUBJECT ADDED ENTRY--TOPICAL TERM
Topical term or geographic name entry element Small business
General subdivision Accounting
-- Computer programs.
9 (RLIN) 24074
650 #0 - SUBJECT ADDED ENTRY--TOPICAL TERM
Topical term or geographic name entry element Small business
General subdivision Finance
-- Computer programs.
9 (RLIN) 24075
856 42 - ELECTRONIC LOCATION AND ACCESS
Materials specified Contributor biographical information
Uniform Resource Identifier <a href="http://www.loc.gov/catdir/bios/wiley047/2003114794.html">http://www.loc.gov/catdir/bios/wiley047/2003114794.html</a>
856 42 - ELECTRONIC LOCATION AND ACCESS
Materials specified Publisher description
Uniform Resource Identifier <a href="http://www.loc.gov/catdir/description/wiley041/2003114794.html">http://www.loc.gov/catdir/description/wiley041/2003114794.html</a>
856 41 - ELECTRONIC LOCATION AND ACCESS
Materials specified Table of contents
Uniform Resource Identifier <a href="http://www.loc.gov/catdir/toc/wiley041/2003114794.html">http://www.loc.gov/catdir/toc/wiley041/2003114794.html</a>
906 ## - LOCAL DATA ELEMENT F, LDF (RLIN)
a 7
b cbc
c orignew
d 2
e epcn
f 20
g y-gencatlg
942 ## - ADDED ENTRY ELEMENTS (KOHA)
Source of classification or shelving scheme Dewey Decimal Classification
Koha item type Books like text book referance book
Suppress in OPAC No
Holdings
Withdrawn status Lost status Source of classification or shelving scheme Damaged status Not for loan Collection code Home library Current library Shelving location Date acquired Total Checkouts Full call number Barcode Date last seen Copy number Price effective from Koha item type
    Dewey Decimal Classification     Non-fiction Wondo Genet Library Wondo Genet Library General Stacks 12/22/2021   001.6 NEL 2004 WGCFNRL00009316 12/22/2021 1 12/22/2021 Books like text book referance book